01374nab a2200241uuc4500001000800000005001700008008004100025035001200066035002100078040001300099041000800112100003100120245011700151520048200268650003600750650002200786650003700808700002900845700004100874700003100915700003100946773015500977108106620260211100547.0080519s2008 spa  a1081066 a(OCoLC)820413969 ccomduadb aspa10aCarrillo, José4auteaut10aAnálisis de secuencias de aprendizaje matemático desde la perspectiva d e la gestión de la participación3 aEl aula de matemáticas puede ser objeto de análisis desde muy diversas perspectivas. En este artículo se estudia la gestión de la participación de los alumnos en los procesos de aprendizaje relacionados con el contenido matemático. Para ello desarrollamos un instrumento de análisis y mostramos su utilidad aplicándolo a una sesión sobre polígonos. Nos centramos en cómo la maestra promueve procesos de responsabilización, comunicación y validación. 0aProceso enseñanza-aprendizaje 7aPolígonos2lemb 7aMatemáticasxEnseñanza2lemb10aCliment, Nuria4auteaut10aGorgorió Solá, Núria4auteaut10aPrat, Montserrat4auteaut10aRojas, Francisco4auteaut0 tEnseñanza de las Ciencias : Revista de Investigación y Experiencias DidácticasgVol. 26, No. 01, Mar. 2008, p. 67-76w1034161x0212-45210420437